Countries with the Most Serbs - Statistics

General Stats
  • This quiz has been taken 106 times
  • The average score is 13 of 15
Answer Stats
Serb Pop. Country % Correct
186,633 Croatia
99%
199,080 United States
98%
1,086,733 Bosnia and Herzegovina
97%
5,988,150 Serbia
97%
700,000 Germany
96%
70,000 United Kingdom
96%
120,000 France
93%
300,000 Austria
90%
80,320 Canada
90%
46,958 Italy
90%
178,110 Montenegro
87%
69,544 Australia
82%
150,000 Switzerland
79%
95,962 Kosovo
78%
120,000 Sweden
76%
No matching quizzes found
Score Distribution
Percent of People with Each Score
Percentile by Number Answered
Your Score History
You have not taken this quiz